[Event "Aulnoye Aymeries"]
[Site "Aulnoye Aymeries"]
[Date "2005.08.11"]
[Round "8"]
[White "Meurisse, Thierry"]
[Black "Lasserre, Marc"]
[Result "1-0"]
[WhiteElo "1580"]
[BlackElo "1570"]
[PlyCount "51"]
[EventDate "2005.08.09"]
[EventType "tourn"]
[EventRounds "9"]
[EventCountry "FRA"]
[SourceTitle "EXT 2008"]
[Source "ChessBase"]
[SourceDate "2007.11.25"]
[SourceVersion "1"]
[SourceVersionDate "2007.11.25"]
[SourceQuality "1"]

1. e4 c5 2. Nf3 e6 3. Be2 Qc7 4. d4 cxd4 5. Nxd4 a6 6. Nc3 Nf6 7. 0-0 Nc6 8. Re1 Nxd4 9. Qxd4 Bc5 10. Qd3 0-0 11. Bf3 b5 12. e5 Bb7 13. exf6 Bxf3 14. Qxf3 d5 15. fxg7 Rfe8 16. Bf4 Qb7 17. Re5 Rad8 18. Rh5 f6 19. Qh3 Qxg7 20. Bh6 Qg6 21. Rh4 Kh8 22. Rg4 Bxf2+ 23. Kxf2 Qxc2+ 24. Ne2 Qf5+ 25. Kg1 Rg8 26. Rxg8+ 1-0